[Event "OLOMOUC 2006 - IM-C (CZE)"]
[Site "?"]
[Date "2006.08.10"]
[Round "11.5"]
[White "Biolek, Richard Jr"]
[Black "Pel, Bonno"]
[Result "0-1"]
[WhiteElo "2304"]
[BlackElo "2301"]
[PlyCount "84"]
[EventDate "2006.08.02"]

1. e4 d6 2. d4 g6 3. Nc3 Bg7 4. Be3 a6 5. Qd2 b5 6. a3 Bb7 7. f3 Nd7 8. Nh3 c5
9. d5 Ngf6 10. Be2 h6 11. O-O Qc7 12. Nf2 g5 13. Nh1 Nh5 14. Ng3 Nxg3 15. hxg3
Nf6 16. Na2 Nh5 17. Kf2 Bxb2 18. Rab1 Bg7 19. c4 bxc4 20. Bxc4 Nf6 21. Nc1 Bc8
22. Nd3 Nd7 23. Rfc1 Rb8 24. Rxb8 Qxb8 25. Qc2 Qa7 26. Rb1 O-O 27. Rh1 Nb6 28.
g4 e6 29. Ba2 exd5 30. exd5 f5 31. Nxc5 f4 32. Bb1 fxe3+ 33. Ke2 Rf7 34. Qh7+
Kf8 35. Ne6+ Bxe6 36. dxe6 Nd5 37. exf7 Nf4+ 38. Kd1 Qd4+ 39. Bd3 e2+ 40. Kd2
Qc3+ 41. Ke3 e1=Q+ 42. Rxe1 Qxe1+ 0-1

[Event "OLOMOUC 2006 - IM-C (CZE)"]
[Site "?"]
[Date "2006.08.10"]
[Round "11.6"]
[White "Tuma, Jiri"]
[Black "Talla, Vladimir"]
[Result "1/2-1/2"]
[WhiteElo "2310"]
[BlackElo "2426"]
[PlyCount "104"]
[EventDate "2006.08.02"]

1. d4 Nf6 2. Nf3 g6 3. b3 Bg7 4. Bb2 O-O 5. e3 d6 6. Be2 Nbd7 7. O-O Re8 8. c4
c6 9. Nc3 e5 10. dxe5 dxe5 11. Na4 e4 12. Ne5 Qc7 13. Nxd7 Bxd7 14. Qc2 c5 15.
Nc3 Bc6 16. Rad1 Rad8 17. Rxd8 Rxd8 18. Rd1 b6 19. Rxd8+ Qxd8 20. Qd1 Qxd1+ 21.
Nxd1 Nd7 22. Bxg7 Kxg7 23. h4 Kf6 24. Nc3 Ke5 25. Kf1 Nf6 26. Ke1 Ne8 27. Kd2
Nd6 28. Ke1 Nf5 29. g3 f6 30. Bg4 Nd6 31. Be2 Kf5 32. Bf1 g5 33. Bh3+ Ke5 34.
hxg5 fxg5 35. Bg4 Ne8 36. Be2 Nf6 37. Kf1 Bd7 38. Kg2 h5 39. Bd1 h4 40. gxh4
gxh4 41. Be2 Kf5 42. Bd1 Ke5 43. Be2 Nh7 44. Bd1 Ng5 45. Be2 Bc8 46. Nb5 a6 47.
Nc3 Bh3+ 48. Kh2 Bd7 49. Kg2 Bc6 50. a4 Kf5 51. Bh5 Kf6 52. Bg4 Ke5 1/2-1/2

[Event "Open Olomouc 2006"]
[Site "Olomouc (CZE)"]
[Date "2006.08.02"]
[Round "1.1"]
[White "VICHA, MARTIN."]
[Black "PAKHOMOV, ALEXEY."]
[Result "0-1"]
[WhiteElo "1941"]
[BlackElo "2523"]
[PlyCount "83"]
[EventDate "2006.08.03"]

1. e4 Nf6 2. Nc3 d5 3. e5 d4 4. exf6 dxc3 5. fxg7 cxd2+ 6. Qxd2 Qxd2+ 7. Bxd2
Bxg7 8. c3 Nc6 9. Nf3 Bf5 10. Be2 O-O-O 11. Be3 a6 12. O-O h6 13. Bc4 e6 14.
Rad1 Bc2 15. Rxd8+ Rxd8 16. Rc1 Na5 17. Be2 Bd3 18. Kf1 Bxe2+ 19. Kxe2 Nc4 20.
Rc2 b5 21. g3 Kb7 22. h4 Rd5 23. b3 Nxe3 24. Kxe3 Rd1 25. c4 Kb6 26. cxb5 axb5
27. a4 c5 28. axb5 Kxb5 29. Rc4 Rb1 30. Nd2 Rxb3+ 31. Nxb3 Kxc4 32. Nd2+ Kd5
33. Kd3 Bd4 34. f3 f5 35. g4 fxg4 36. fxg4 e5 37. g5 hxg5 38. hxg5 c4+ 39. Kc2
e4 40. Nb1 e3 41. Nc3+ Bxc3 42. Kxc3 0-1

[Event "Open Olomouc 2006"]
[Site "Olomouc (CZE)"]
[Date "2006.08.02"]
[Round "1.2"]
[White "HASANGATIN, RAMIL."]
[Black "DOUBEK, TOMAS."]
[Result "1-0"]
[WhiteElo "2491"]
[BlackElo "1934"]
[PlyCount "67"]
[EventDate "2006.08.03"]

1. e4 e6 2. d3 d5 3. Qe2 dxe4 4. dxe4 Nc6 5. Nf3 Nf6 6. e5 Nd5 7. g3 Be7 8. Bg2
O-O 9. O-O f6 10. exf6 Bxf6 11. Nbd2 e5 12. c3 Bf5 13. Ne4 Bxe4 14. Qxe4 Nb6
15. Be3 Qe7 16. b4 Rfd8 17. a4 Nd5 18. Bd2 Rd7 19. Bh3 Re8 20. Bxd7 Qxd7 21.
Rad1 Qf7 22. b5 Nd8 23. c4 Nb6 24. c5 Qd5 25. Rfe1 Qxe4 26. Rxe4 Nd7 27. Be3
Nf8 28. Rc4 c6 29. Nd2 a6 30. bxa6 bxa6 31. Ne4 Nf7 32. Rb4 Bd8 33. Rb8 Ne6 34.
Nd6 1-0

[Event "Open Olomouc 2006"]
[Site "Olomouc (CZE)"]
[Date "2006.08.02"]
[Round "1.3"]
[White "FIORILI, ROBERTO."]
[Black "JOHANSSON, JAN."]
[Result "0-1"]
[WhiteElo "1934"]
[BlackElo "2434"]
[PlyCount "76"]
[EventDate "2006.08.03"]

1. d4 Nf6 2. Nf3 c5 3. Bf4 cxd4 4. Qxd4 Nc6 5. Qa4 d6 6. c3 e5 7. Bg5 Be7 8.
Nbd2 O-O 9. e3 d5 10. Be2 Be6 11. O-O a6 12. Rad1 b5 13. Qh4 e4 14. Nd4 Nxd4
15. exd4 h6 16. Bxf6 Bxf6 17. Qg3 Bh4 18. Qe3 f5 19. f4 Bc8 20. g3 Be7 21. Kh1
Bd6 22. Rg1 Ra7 23. Rdf1 g5 24. h4 Rg7 25. hxg5 hxg5 26. fxg5 Qxg5 27. Qxg5
Rxg5 28. Rg2 Rf7 29. Rh2 Rxg3 30. Rh6 Rh7 31. Rxh7 Kxh7 32. Rg1 Rh3+ 33. Kg2 f4
34. Bd1 f3+ 35. Kf2 Bh2 36. Rf1 Bg4 37. Bb3 Bf4 38. Bxd5 e3+ 0-1

[Event "Open Olomouc 2006"]
[Site "Olomouc (CZE)"]
[Date "2006.08.02"]
[Round "1.4"]
[White "NESTER, IHOR."]
[Black "ZDZIARSKA, LIDIA."]
[Result "1-0"]
[WhiteElo "2417"]
[BlackElo "1934"]
[PlyCount "59"]
[EventDate "2006.08.03"]

1. Nf3 c5 2. c4 Nf6 3. Nc3 g6 4. d4 cxd4 5. Nxd4 Bg7 6. e4 d6 7. Be2 Nc6 8. Nc2
O-O 9. O-O Bd7 10. Bg5 Rc8 11. Qd2 Ne5 12. Ne3 Re8 13. Rfd1 Qa5 14. Bxf6 Bxf6
15. Ncd5 Qxd2 16. Nxf6+ exf6 17. Rxd2 Be6 18. b3 Rc6 19. Rad1 Ra6 20. c5 Ra5
21. cxd6 Bd7 22. f3 Rc5 23. f4 Nc6 24. Nd5 Kg7 25. b4 Rxd5 26. exd5 Nxb4 27.
Bf1 Re3 28. Rc1 Kf8 29. Rc7 Ke8 30. Rxb7 1-0

[Event "Open Olomouc 2006"]
[Site "Olomouc (CZE)"]
[Date "2006.08.02"]
[Round "1.5"]
[White "KLEINJAN, PIM."]
[Black "ZEBERSKI, JAKUB."]
[Result "0-1"]
[WhiteElo "1922"]
[BlackElo "2410"]
[PlyCount "82"]
[EventDate "2006.08.03"]

1. d4 f5 2. g3 Nf6 3. Bg2 e6 4. c4 c6 5. Nc3 d5 6. Nf3 Bd6 7. O-O O-O 8. b3 Qe7
9. Qc2 Bd7 10. Ne5 Be8 11. Bb2 Nbd7 12. f4 Ne4 13. Nxe4 fxe4 14. e3 Bh5 15.
Rac1 Bxe5 16. fxe5 Bf3 17. Bxf3 exf3 18. e4 dxc4 19. bxc4 c5 20. Rce1 cxd4 21.
Bxd4 Nxe5 22. Re3 Qg5 23. Rb3 Nc6 24. Bb2 Qc5+ 25. Kh1 Nd4 26. Qc3 e5 27. Ba3
Qc6 28. Bxf8 Qxe4 29. Qe3 Qc2 30. Qf2 Qxf2 31. Rxf2 Nxb3 32. Bd6 Nd4 33. Rd2
Re8 34. Kg1 Nf5 35. Bb4 e4 36. Rd5 g6 37. Kf2 Rc8 38. g4 Rxc4 39. Bd2 Rd4 40.
Rxd4 Nxd4 41. Ke3 Nc2+ 0-1

[Event "Open Olomouc 2006"]
[Site "Olomouc (CZE)"]
[Date "2006.08.02"]
[Round "1.6"]
[White "ZAWADZKI, STANISLAW."]
[Black "ZLAMAL, FRANTISEK."]
[Result "1-0"]
[WhiteElo "2397"]
[BlackElo "1920"]
[PlyCount "79"]
[EventDate "2006.08.03"]

1. e4 e5 2. Nf3 Nc6 3. Bb5 a6 4. Ba4 Nf6 5. O-O Be7 6. Re1 b5 7. Bb3 O-O 8. h3
d6 9. c3 Be6 10. d4 Bxb3 11. axb3 Qc8 12. d5 Nb8 13. Bg5 Kh8 14. Bxf6 Bxf6 15.
Na3 Nd7 16. Nc2 Qb7 17. Nb4 g6 18. Nc6 Nb8 19. Na5 Qb6 20. b4 Nd7 21. Qd3 Bd8
22. Qe3 Kg7 23. Nc6 h6 24. Qxb6 cxb6 25. Ra3 Bc7 26. Nd2 f5 27. exf5 gxf5 28.
f4 e4 29. Nf1 Kg6 30. Ne3 Bd8 31. Rea1 a5 32. bxa5 bxa5 33. Nxd8 Rfxd8 34. Rxa5
Rab8 35. b4 Rdc8 36. R1a3 h5 37. Ra7 Nb6 38. Re7 Na4 39. Re6+ Kf7 40. c4 1-0

[Event "Open Olomouc 2006"]
[Site "Olomouc (CZE)"]
[Date "2006.08.02"]
[Round "1.7"]
[White "HILGENDORFF, FINN."]
[Black "KIREEV, ALEKSEI."]
[Result "0-1"]
[WhiteElo "1919"]
[BlackElo "2382"]
[PlyCount "70"]
[EventDate "2006.08.03"]

1. e4 d6 2. d4 g6 3. Nf3 Bg7 4. c4 e5 5. dxe5 dxe5 6. Qxd8+ Kxd8 7. Nc3 c6 8.
Be3 f6 9. Be2 Nd7 10. O-O Bh6 11. Bxh6 Nxh6 12. b4 Nf7 13. c5 Ke7 14. Bc4 Nf8
15. Rfd1 Ne6 16. Bb3 Rd8 17. Ne2 a5 18. a3 Nc7 19. Ne1 Ng5 20. Rxd8 Kxd8 21.
Rd1+ Ke7 22. f3 axb4 23. axb4 Ra3 24. Rb1 Be6 25. Bxe6 Ngxe6 26. Rb2 f5 27. Nc2
Rd3 28. Ng3 Rd1+ 29. Kf2 Rd2+ 30. Ke1 Rxg2 31. exf5 Nd4 32. Kd1 Nd5 33. fxg6
hxg6 34. Nf1 Nxf3 35. Rb3 Nxh2 0-1

[Event "Open Olomouc 2006"]
[Site "Olomouc (CZE)"]
[Date "2006.08.02"]
[Round "1.8"]
[White "ZAKHAROV, VALENTIN."]
[Black "MOLNAR, JIRI."]
[Result "1-0"]
[WhiteElo "2376"]
[BlackElo "1918"]
[PlyCount "107"]
[EventDate "2006.08.03"]

1. e4 e6 2. d4 d5 3. Nd2 dxe4 4. Nxe4 Nd7 5. Nf3 Ngf6 6. Nxf6+ Nxf6 7. Bd3 Be7
8. O-O O-O 9. Qe2 b6 10. Bg5 Bb7 11. Rad1 a5 12. Rfe1 Qc8 13. Ne5 c5 14. dxc5
bxc5 15. Bxf6 Bxf6 16. Nd7 Rd8 17. Nxf6+ gxf6 18. Qg4+ Kf8 19. Bxh7 Ke7 20. h4
Rd5 21. Rxd5 Bxd5 22. c4 Bc6 23. h5 e5 24. Bf5 Qg8 25. Re3 Qxg4 26. Bxg4 Rh8
27. Rh3 Rh6 28. Ra3 a4 29. Bd1 f5 30. Bxa4 Bxa4 31. Rxa4 Rxh5 32. Ra7+ Ke6 33.
Rc7 Kd6 34. Rxf7 f4 35. Rf8 Kd7 36. Rf6 Rh8 37. Rb6 Re8 38. Kf1 Kc7 39. Rb5 Kc6
40. a3 Rd8 41. Ke2 Rd4 42. b3 e4 43. a4 Rd3 44. a5 Rd8 45. Rb6+ Kc7 46. Rf6 f3+
47. gxf3 exf3+ 48. Rxf3 Ra8 49. Rf7+ Kd6 50. a6 Ke5 51. a7 Kd4 52. Kd2 Rd8 53.
Re7 Rf8 54. f3 1-0

[Event "Open Olomouc 2006"]
[Site "Olomouc (CZE)"]
[Date "2006.08.02"]
[Round "1.9"]
[White "VYSLOUZIL, LUKAS."]
[Black "MANKEYEV, RAUAN."]
[Result "0-1"]
[WhiteElo "1918"]
[BlackElo "2369"]
[PlyCount "72"]
[EventDate "2006.08.03"]

1. e4 c5 2. Nf3 d6 3. d4 cxd4 4. Nxd4 Nf6 5. Nc3 g6 6. Be3 Bg7 7. f3 Nc6 8. Bc4
O-O 9. Qd2 Nd7 10. O-O-O Nb6 11. Bb3 Na5 12. Bh6 Nac4 13. Qg5 e5 14. Bxc4 Nxc4
15. Nd5 Qxg5+ 16. Bxg5 exd4 17. Bf6 Bxf6 18. Nxf6+ Kg7 19. Rxd4 Kxf6 20. Rxc4
Be6 21. Rd4 Rfd8 22. Rhd1 Ke7 23. b3 Rac8 24. Kb2 Rc5 25. c4 a5 26. a4 g5 27.
g3 f5 28. exf5 Rxf5 29. f4 gxf4 30. gxf4 d5 31. c5 Rdf8 32. Rf1 Re5 33. fxe5
Rxf1 34. Rh4 Bf5 35. b4 axb4 36. Rxb4 Rb1+ 0-1

[Event "Open Olomouc 2006"]
[Site "Olomouc (CZE)"]
[Date "2006.08.02"]
[Round "1.10"]
[White "SARNO, SPARTACO."]
[Black "NOVAK, BORIVOJ."]
[Result "1-0"]
[WhiteElo "2363"]
[BlackElo "1914"]
[PlyCount "91"]
[EventDate "2006.08.03"]

1. c4 c5 2. Nf3 Nf6 3. g3 g6 4. Bg2 Nc6 5. O-O Bg7 6. Nc3 O-O 7. d4 cxd4 8.
Nxd4 Nxd4 9. Qxd4 d6 10. Qd3 a6 11. Bd2 Ng4 12. b3 e6 13. Rac1 Ne5 14. Qc2 Nc6
15. Rfd1 Qc7 16. Be3 Nb4 17. Qd2 Bxc3 18. Rxc3 e5 19. a3 Nc6 20. Bh6 Re8 21.
Rd3 Be6 22. Qg5 Qe7 23. Qxe7 Nxe7 24. Bxb7 Rab8 25. Bxa6 Nf5 26. Be3 Nxe3 27.
Rxe3 Bh3 28. Rxd6 Red8 29. Rxd8+ Rxd8 30. Rd3 Ra8 31. Rd6 Be6 32. f3 Kf8 33. b4
Bc8 34. Bxc8 Rxc8 35. c5 Ra8 36. Rd3 Ke7 37. Kf2 h5 38. c6 Rb8 39. Rd7+ Ke6 40.
Rb7 Rc8 41. b5 Kd6 42. a4 f5 43. a5 g5 44. a6 g4 45. a7 Ra8 46. b6 1-0

[Event "Open Olomouc 2006"]
[Site "Olomouc (CZE)"]
[Date "2006.08.03"]
[Round "2.1"]
[White "PAKHOMOV, ALEXEY."]
[Black "MATOUSEK, PETR."]
[Result "1/2-1/2"]
[WhiteElo "2523"]
[BlackElo "2107"]
[PlyCount "27"]
[EventDate "2006.08.03"]

1. Nc3 d5 2. e4 d4 3. Nce2 c5 4. d3 Nc6 5. g3 h5 6. Nf3 e5 7. Bg2 Be7 8. h3 Be6
9. c4 h4 10. g4 g5 11. a3 f6 12. Bd2 Rb8 13. O-O a6 14. Qc2 1/2-1/2

[Event "Open Olomouc 2006"]
[Site "Olomouc (CZE)"]
[Date "2006.08.03"]
[Round "2.2"]
[White "CRECENTE, PENALBA JOSE M."]
[Black "HASANGATIN, RAMIL."]
[Result "0-1"]
[WhiteElo "2096"]
[BlackElo "2491"]
[PlyCount "86"]
[EventDate "2006.08.03"]

1. Nf3 b5 2. g3 Bb7 3. Bg2 c5 4. O-O e6 5. d4 cxd4 6. Nxd4 Bxg2 7. Kxg2 Qb6 8.
a4 b4 9. a5 Qb7+ 10. Kg1 Nf6 11. Qd3 Na6 12. Bg5 Be7 13. Qf3 d5 14. Nd2 O-O 15.
c4 h6 16. Bxf6 Bxf6 17. N2b3 Rfd8 18. Rac1 e5 19. Nf5 e4 20. Nxh6+ Kf8 21. Qf5
Bxb2 22. Rc2 g6 23. Qg5 Bg7 24. Rd1 Qe7 25. Qc1 d4 26. Ng4 Nc5 27. Nxc5 Qxc5
28. Qf4 Qf5 29. Rcd2 Ke8 30. Kf1 Rac8 31. Rc1 Rc5 32. Rb2 Qxf4 33. gxf4 Rb8 34.
Ne5 Bxe5 35. fxe5 Ke7 36. Rd2 b3 37. Rxd4 Rxa5 38. Ke1 b2 39. Rb1 Ra1 40. Rdd1
Rxb1 41. Rxb1 a5 42. Kd2 a4 43. Kc2 a3 0-1

[Event "Open Olomouc 2006"]
[Site "Olomouc (CZE)"]
[Date "2006.08.03"]
[Round "2.3"]
[White "JOHANSSON, JAN."]
[Black "SIMECEK, BOHUMIL."]
[Result "1-0"]
[WhiteElo "2434"]
[BlackElo "2091"]
[PlyCount "101"]
[EventDate "2006.08.03"]

1. d4 d5 2. c4 c6 3. Nf3 Nf6 4. Qc2 Bg4 5. Ne5 e6 6. cxd5 exd5 7. Bg5 Be6 8.
Nc3 Be7 9. e3 Nbd7 10. Nxd7 Qxd7 11. Bd3 h6 12. Bh4 O-O 13. h3 Ne8 14. Bxe7
Qxe7 15. O-O Nd6 16. Ne2 Qd7 17. f3 f5 18. Rae1 Rae8 19. Qc1 g5 20. Kh2 Qc7 21.
Kh1 Qd7 22. b3 a6 23. Qd2 Kh8 24. Bc2 Bg8 25. Kh2 Qc7 26. Kg1 Bh7 27. Nc1 f4
28. exf4 Rxe1 29. Rxe1 Rxf4 30. Re6 Bxc2 31. Qxc2 Nf5 32. Ne2 Qf7 33. Nxf4 gxf4
34. Re5 Ne3 35. Qd3 Kg7 36. Rxe3 fxe3 37. Qxe3 Qf5 38. Qe5+ Kg6 39. Qxf5+ Kxf5
40. Kf2 b6 41. Ke3 c5 42. g4+ Kg5 43. f4+ Kf6 44. Kd3 a5 45. Kc3 Kg6 46. a3 Kf6
47. dxc5 bxc5 48. b4 cxb4+ 49. axb4 a4 50. b5 a3 51. Kb3 1-0

[Event "Open Olomouc 2006"]
[Site "Olomouc (CZE)"]
[Date "2006.08.03"]
[Round "2.4"]
[White "LAITH, KASIB."]
[Black "NESTER, IHOR."]
[Result "0-1"]
[WhiteElo "2093"]
[BlackElo "2417"]
[PlyCount "106"]
[EventDate "2006.08.03"]

1. Nf3 d5 2. d4 Nf6 3. c4 dxc4 4. e3 e6 5. Bxc4 a6 6. O-O c5 7. Bb3 b5 8. a4 b4
9. Nbd2 Bb7 10. e4 Be7 11. e5 Nfd7 12. Nc4 O-O 13. a5 Nc6 14. Re1 cxd4 15. Nxd4
Ndxe5 16. Nxc6 Nxc6 17. Be3 Qxd1 18. Rexd1 Rad8 19. Bb6 Rxd1+ 20. Rxd1 Bf6 21.
f4 Ne7 22. Bc5 Bd5 23. Nd2 Rc8 24. Bxb4 Bxb3 25. Nxb3 Nd5 26. Bd6 Bxb2 27. g3
h6 28. Rd2 Bc3 29. Rd3 Rc4 30. f5 Ra4 31. fxe6 fxe6 32. Nc5 Bd4+ 33. Kg2 Bxc5
34. Bxc5 Rxa5 35. Bd6 Ra2+ 36. Kh3 Nf6 37. Rb3 Ne4 38. Be5 Ra5 39. Rb8+ Kh7 40.
Bd4 Ng5+ 41. Kg2 e5 42. Bb2 Rc5 43. g4 Nf7 44. Kf3 Nd6 45. h4 Nc4 46. Bc3 Kg6
47. Ra8 Nb6 48. Rxa6 Rxc3+ 49. Ke4 Rc6 50. h5+ Kg5 51. Ra7 Kf6 52. Ra6 Rd6 53.
Kf3 Nc4 0-1

[Event "Open Olomouc 2006"]
[Site "Olomouc (CZE)"]
[Date "2006.08.03"]
[Round "2.5"]
[White "ZEBERSKI, JAKUB."]
[Black "CAGARA, PAULINA."]
[Result "1-0"]
[WhiteElo "2410"]
[BlackElo "2086"]
[PlyCount "63"]
[EventDate "2006.08.03"]

1. e4 c6 2. d4 d5 3. Nc3 a6 4. exd5 cxd5 5. Bd3 Nc6 6. Nf3 Bg4 7. h3 Bxf3 8.
Qxf3 e6 9. Ne2 Bd6 10. c3 Qf6 11. Bf4 Bxf4 12. Nxf4 Nge7 13. Qg4 g6 14. O-O h5
15. Qg3 Nf5 16. Bxf5 Qxf5 17. Nd3 h4 18. Qe3 g5 19. f3 b6 20. Rae1 Kd7 21. f4
g4 22. Ne5+ Nxe5 23. fxe5 Qg6 24. Rf6 Qg7 25. Ref1 Raf8 26. c4 gxh3 27. Qxh3
Ke7 28. cxd5 exd5 29. Qa3+ Ke8 30. Rxb6 Rh6 31. Rb8+ Kd7 32. Rxf8 1-0

[Event "Open Olomouc 2006"]
[Site "Olomouc (CZE)"]
[Date "2006.08.03"]
[Round "2.6"]
[White "KRUPA, BARTLOMIEJ."]
[Black "ZAWADZKI, STANISLAW."]
[Result "0-1"]
[WhiteElo "2088"]
[BlackElo "2397"]
[PlyCount "70"]
[EventDate "2006.08.03"]

1. e4 c5 2. Nf3 d6 3. d4 cxd4 4. Nxd4 Nf6 5. Nc3 Nc6 6. h3 Bd7 7. Be3 a6 8. Qd2
b5 9. Bd3 e6 10. f4 Qc7 11. O-O-O Nxd4 12. Bxd4 b4 13. Bxf6 gxf6 14. Ne2 a5 15.
Kb1 h5 16. g4 h4 17. Nd4 Qc5 18. Nb3 Qb6 19. e5 a4 20. Be4 d5 21. Nc1 a3 22.
exf6 axb2 23. Kxb2 Qd8 24. Bxd5 Qxf6+ 25. Kb1 Bg7 26. Qd4 Qxd4 27. Rxd4 Ra5 28.
Rxb4 Rxd5 29. Nd3 Ke7 30. f5 exf5 31. Re1+ Kd8 32. Nf4 Rd6 33. Rb8+ Kc7 34.
Rxh8 Bxh8 35. gxf5 Bxf5 0-1

[Event "Open Olomouc 2006"]
[Site "Olomouc (CZE)"]
[Date "2006.08.03"]
[Round "2.7"]
[White "KIREEV, ALEKSEI."]
[Black "URBASEK, OLEG."]
[Result "1-0"]
[WhiteElo "2382"]
[BlackElo "2085"]
[PlyCount "57"]
[EventDate "2006.08.03"]

1. d4 Nf6 2. Bg5 e6 3. e3 b6 4. Nd2 Bb7 5. Ngf3 Be7 6. Bd3 d6 7. Qe2 Nbd7 8.
O-O O-O 9. e4 c5 10. c3 Re8 11. Rac1 Nf8 12. dxc5 dxc5 13. Rcd1 Qc7 14. Bxf6
gxf6 15. Ba6 Bxa6 16. Qxa6 Ng6 17. Rfe1 Red8 18. Nf1 Nf4 19. g3 Ng6 20. Qe2 Qc6
21. h4 Bf8 22. h5 Ne7 23. Nh4 Bh6 24. Nh2 Qc7 25. Ng4 Bg5 26. Nf3 Nc6 27. e5 f5
28. Nxg5 fxg4 29. Qe4 1-0

[Event "Open Olomouc 2006"]
[Site "Olomouc (CZE)"]
[Date "2006.08.03"]
[Round "2.8"]
[White "CERJAK, ANDREJ."]
[Black "ZAKHAROV, VALENTIN."]
[Result "0-1"]
[WhiteElo "2081"]
[BlackElo "2376"]
[PlyCount "116"]
[EventDate "2006.08.03"]

1. e4 c5 2. Nc3 Nc6 3. f4 e6 4. Nf3 d5 5. Bb5 Nf6 6. Ne5 Qb6 7. exd5 exd5 8.
Qe2 Be7 9. O-O O-O 10. Bxc6 bxc6 11. Na4 Qb5 12. Nc3 Qxe2 13. Nxe2 Bb7 14. d3
Rfe8 15. Ng3 Bd6 16. Nf3 c4 17. Nf5 Bc5+ 18. d4 Bf8 19. Bd2 Ne4 20. Rfe1 c5 21.
c3 g6 22. Ng3 Nxd2 23. Nxd2 cxd4 24. cxd4 Bb4 25. Rxe8+ Rxe8 26. Nf3 Bc8 27.
Kf2 f6 28. Ne2 Bf5 29. Rc1 Bd3 30. Ng3 Bd6 31. Ne1 Bxf4 32. Nxd3 cxd3 33. Rd1
Bxg3+ 34. Kxg3 Re3+ 35. Kf4 Re2 36. Rxd3 Rxb2 37. Ra3 Rxg2 38. h3 Re2 39. Rxa7
Re4+ 40. Kf3 Rxd4 41. a4 h5 42. a5 Rd3+ 43. Kg2 Ra3 44. a6 h4 45. Kf2 g5 46.
Kg2 d4 47. Kf2 f5 48. Rd7 Rxa6 49. Rxd4 Ra2+ 50. Kg1 Kf7 51. Rd6 Re2 52. Ra6
Re6 53. Ra8 Kf6 54. Rg8 Re3 55. Kh2 Rg3 56. Rh8 Ke5 57. Rh7 Kf4 58. Rh8 Re3 0-1

[Event "Open Olomouc 2006"]
[Site "Olomouc (CZE)"]
[Date "2006.08.03"]
[Round "2.9"]
[White "MANKEYEV, RAUAN."]
[Black "VECCHIA, MARIO."]
[Result "1-0"]
[WhiteElo "2369"]
[BlackElo "2081"]
[PlyCount "69"]
[EventDate "2006.08.03"]

1. Nf3 Nf6 2. c4 d6 3. d4 g6 4. Nc3 Bg7 5. e4 O-O 6. Be2 e5 7. O-O Nc6 8. d5
Ne7 9. b4 a5 10. Ba3 axb4 11. Bxb4 Nd7 12. a4 h6 13. Nd2 f5 14. a5 fxe4 15.
Ndxe4 Nf5 16. Bd3 Nf6 17. Nxf6+ Qxf6 18. Ne4 Qh4 19. c5 dxc5 20. Bxc5 Rd8 21.
Qb3 Kh7 22. Qc4 Nd4 23. f4 Bf5 24. Rab1 Rxa5 25. Rxb7 Bxe4 26. Bxd4 Raxd5 27.
Bxe4 Rxd4 28. Qxc7 R8d7 29. Qxd7 Rxd7 30. Rxd7 exf4 31. Rb1 h5 32. Rd6 Kg8 33.
Rxg6 Qe7 34. Rb8+ Kf7 35. Rxg7+ 1-0

[Event "Open Olomouc 2006"]
[Site "Olomouc (CZE)"]
[Date "2006.08.03"]
[Round "2.10"]
[White "BITKININ, LENAR."]
[Black "SARNO, SPARTACO."]
[Result "1/2-1/2"]
[WhiteElo "2077"]
[BlackElo "2363"]
[PlyCount "70"]
[EventDate "2006.08.03"]

1. d4 Nf6 2. c4 g6 3. Nc3 Bg7 4. e4 d6 5. f3 O-O 6. Be3 Nc6 7. Nge2 a6 8. Qd2
Rb8 9. Rb1 Bd7 10. b4 b5 11. cxb5 axb5 12. d5 Ne5 13. Nd4 Qe8 14. Be2 e6 15.
dxe6 fxe6 16. O-O Kf7 17. Rfc1 c6 18. Nb3 Qe7 19. Rd1 Rfc8 20. a4 bxa4 21. Na5
Ne8 22. Nxa4 d5 23. Ba6 Rc7 24. Bb6 Bf8 25. Bxc7 Nxc7 26. Nc5 Rxb4 27. Nxd7
Rxb1 28. Rxb1 Qxd7 29. Bf1 c5 30. Rb8 Qd6 31. Nb7 Qb6 32. Qa5 Qxa5 33. Nxa5 c4
34. exd5 exd5 35. Rc8 Nb5 1/2-1/2

[Event "Open Olomouc 2006"]
[Site "Olomouc (CZE)"]
[Date "2006.08.04"]
[Round "3.2"]
[White "HANKO, PAVOL."]
[Black "JOHANSSON, JAN."]
[Result "0-1"]
[WhiteElo "2237"]
[BlackElo "2434"]
[PlyCount "52"]
[EventDate "2006.08.03"]

1. d4 Nf6 2. Nf3 c5 3. d5 b5 4. c4 Bb7 5. Qc2 e6 6. e4 bxc4 7. Bxc4 exd5 8.
exd5 Be7 9. Nc3 O-O 10. O-O d6 11. b3 Nbd7 12. Bb2 Nb6 13. Rad1 Nxc4 14. bxc4
Bc8 15. h3 Rb8 16. Rfe1 Qd7 17. Ba1 Bd8 18. g4 Nxg4 19. Ne4 Nh6 20. Nfg5 Qf5
21. Qc3 Qg6 22. Kh2 Bxg5 23. Nxg5 Qxg5 24. Rd3 Nf5 25. Re4 f6 26. Rf3 Rb1 0-1

[Event "Open Olomouc 2006"]
[Site "Olomouc (CZE)"]
[Date "2006.08.04"]
[Round "3.3"]
[White "NESTER, IHOR."]
[Black "LEKS, HANNA."]
[Result "1/2-1/2"]
[WhiteElo "2417"]
[BlackElo "2253"]
[PlyCount "105"]
[EventDate "2006.08.03"]

1. Nf3 d6 2. d4 Nf6 3. c4 Nbd7 4. Nc3 e5 5. g3 Be7 6. Bg2 O-O 7. O-O c6 8. e4
a6 9. a4 a5 10. h3 Re8 11. Be3 exd4 12. Nxd4 Nc5 13. Qc2 Bf8 14. Rfe1 g6 15.
Rad1 Qc7 16. f4 Na6 17. Qf2 Nd7 18. Nb3 Nb4 19. Re2 b6 20. Red2 Ba6 21. e5 Bxc4
22. exd6 Qb7 23. Nd4 Nc5 24. Qf3 Bd5 25. Nxd5 cxd5 26. Nb5 Ne4 27. Nc7 Nxd2 28.
Bxd2 Bxd6 29. Nxa8 Qxa8 30. Bxb4 Bxb4 31. Rxd5 Re1+ 32. Kh2 Qe8 33. f5 Re3 34.
Qd1 Re1 35. Qg4 Bc5 36. h4 h5 37. Qg5 Be7 38. Qf4 Bc5 39. b3 Re2 40. Kh3 Rf2
41. Qg5 Qe2 42. Rd8+ Kg7 43. f6+ Rxf6 44. Rg8+ Kxg8 45. Qxf6 Bg1 46. Qd8+ Kg7
47. Qd7 Qe6+ 48. Qxe6 fxe6 49. Be4 Kf6 50. Kg2 Bc5 51. Kf3 g5 52. hxg5+ Kxg5
53. Bc6 1/2-1/2

[Event "Open Olomouc 2006"]
[Site "Olomouc (CZE)"]
[Date "2006.08.04"]
[Round "3.4"]
[White "MASLAK, ALEXANDER."]
[Black "ZEBERSKI, JAKUB."]
[Result "0-1"]
[WhiteElo "2187"]
[BlackElo "2410"]
[PlyCount "82"]
[EventDate "2006.08.03"]

1. d4 f5 2. g3 Nf6 3. Bg2 e6 4. Nf3 d5 5. O-O Bd6 6. b3 Qe7 7. a4 a5 8. Ba3 O-O
9. Bxd6 cxd6 10. Nc3 b6 11. Qc1 Ba6 12. Nb5 Rc8 13. Qa3 Ne4 14. c4 Nc6 15. Rac1
Nb4 16. Qb2 Qd7 17. Nd2 Bxb5 18. cxb5 Ra7 19. Rxc8+ Qxc8 20. Rc1 Rc7 21. Rxc7
Qxc7 22. f3 Nxd2 23. Qxd2 Qc2 24. Qf4 Qxe2 25. Bf1 Qe1 26. Qxd6 Nd3 27. Qd8+
Kf7 28. Qc7+ Kg6 29. Qc2 Qe3+ 30. Kh1 Qxf3+ 31. Bg2 Qe3 32. Bf1 Ne1 33. Qb2 Nf3
34. Kg2 Nd2 35. Qc1 Qxd4 36. h4 Qe4+ 37. Kg1 Qe3+ 38. Kh1 d4 39. Bg2 Nxb3 40.
Qc6 d3 41. Bd5 d2 0-1

[Event "Open Olomouc 2006"]
[Site "Olomouc (CZE)"]
[Date "2006.08.04"]
[Round "3.5"]
[White "ZAWADZKI, STANISLAW."]
[Black "KULOVANA, EVA."]
[Result "1/2-1/2"]
[WhiteElo "2397"]
[BlackElo "2199"]
[PlyCount "46"]
[EventDate "2006.08.03"]

1. d4 d5 2. Bf4 c6 3. e3 Bf5 4. c4 e6 5. Qb3 Qb6 6. c5 Qxb3 7. axb3 Bxb1 8.
Rxb1 Nd7 9. Nf3 Ne7 10. b4 a6 11. Nd2 Ng6 12. Bg3 Be7 13. Bd3 Bh4 14. Nb3 Bxg3
15. hxg3 O-O 16. Kd2 e5 17. f3 f5 18. dxe5 Ngxe5 19. Nd4 Nxd3 20. Kxd3 Rae8 21.
b3 Re7 22. Rh4 g6 23. Rbh1 Nf6 1/2-1/2

[Event "Open Olomouc 2006"]
[Site "Olomouc (CZE)"]
[Date "2006.08.04"]
[Round "3.6"]
[White "CHULIVSKA, VITA."]
[Black "KIREEV, ALEKSEI."]
[Result "0-1"]
[WhiteElo "2177"]
[BlackElo "2382"]
[PlyCount "94"]
[EventDate "2006.08.03"]

1. e4 d6 2. d4 g6 3. Nc3 c6 4. f4 d5 5. e5 h5 6. Nf3 Nh6 7. Be3 Bg4 8. Be2 e6
9. Qd2 Nd7 10. g3 Nf5 11. Bf2 Bb4 12. h3 Bxf3 13. Bxf3 Qa5 14. a3 Nb6 15. Be2
Nc4 16. Bxc4 dxc4 17. O-O-O Bxc3 18. Qxc3 Qxc3 19. bxc3 Ne7 20. Be3 Nd5 21. Kd2
Kd7 22. g4 b5 23. Rdf1 Rag8 24. Rb1 Rh7 25. g5 a5 26. Ra1 Ra8 27. Rhb1 Rhh8 28.
Ra2 Rhb8 29. Raa1 Kc7 30. Rg1 Ra6 31. Rgf1 Rbb6 32. Rfb1 Kb7 33. Re1 b4 34.
axb4 axb4 35. cxb4 Rxa1 36. Rxa1 Rxb4 37. h4 Rb2 38. Bg1 Rb6 39. Bh2 Ra6 40.
Rxa6 Kxa6 41. c3 Kb5 42. Bg3 Ka4 43. Kc2 Ka3 44. Be1 Nxf4 45. Bg3 Nd5 46. Bf2
Ka2 47. Bg1 Nc7 0-1